000 00913nam a2200241 a 4500
999 _c11677
_d11677
001 11677
003 BD-JhCC
005 20200716124648.0
008 200716b2020 bg a|||| ||a| 000 0 ben d
020 _a9789848125007
035 _a(BD-JhCC)11677
040 _aBD-JhCC
_dBD-JhCC
041 _aben
082 _a 891.4409
_bALL 2020
100 _aঅ্যালেন, অ্যাগনেস
245 _aলিপি, পান্ডুলিপি, বই ও মুদ্রণশিল্পের ইতিকথা /
_cঅ্যাগনেস অ্যালেন, অনু: নাজনীন সুলতানা নীতি ।
260 _aঢাকা:
_bপাঠক সমাবেশ;
_c২০২০.
300 _a224 p. :
_bill;
_c22 cm.
650 _aBengali Literature
700 _aনীতি, নাজনীন সুলতানা
942 _2ddc
_cBK